| 000 | 01396 a2200253 4500 | ||
|---|---|---|---|
| 001 | 14583 | ||
| 005 | 20260407155447.0 | ||
| 008 | 260407a2010 arg spa d | ||
| 003 | AR-UNSa-BCEJYS | ||
| 040 |
_aAR-UNSa-BCEJYS _bspa _cAR-UNSa-BCEJYS |
||
| 080 |
_a331.5 _xMercado de Trabajo. Empleo |
||
| 245 | 1 | 0 | _aThe economics of women, men, and work |
| 020 | _a978-0-13-608425-9 | ||
| 250 | _a6a. ed. | ||
| 264 | 1 |
_aBoston : _bPearson _c2010 |
|
| 300 |
_axxii, 428 p. _c25 cm. |
||
| 505 | _a1. Introduction - 2. Women and men: changing roles in a changing economy - 3. The family as an economic unit - 4. The allocation of time between the household and the labor market - 5. Differences in Occupations and earnings: overview - 6. Differences in occupations and earnings: The human capital model - 7. Differences in occupations and earnings: The role of labor market discrimination - 8. Recent developments in earnings - 9. Recent employment trends - 10. Changing work roles and the family - 11. Policies affecting paid work and the family - 12. Gender differences in other countries | ||
| 942 | _cBK | ||
| 590 | _aniveau_biblio:m niveau_hierar:0 | ||
| 100 | 1 | _aBlau, Francine D. | |
| 700 | 1 | _aFerber, Marianne A. | |
| 700 | 1 | _aWinkler, Anne E. | |
| 856 | 4 | 1 |
_uhttps://biblioeco.unsa.edu.ar/pmb/images/libros/The economics of women, men, and work2-l118985.jpg _yImagen de portada _qimage/jpeg |
| 999 |
_c584 _d584 |
||